| 000 | 00391nam a22001337a 4500 | ||
|---|---|---|---|
| 999 |
_c17026 _d17026 |
||
| 008 | 180724b xxu||||| |||| 00| 0 eng d | ||
| 020 | _a0240802541 | ||
| 050 |
_aP90 _b.F36 1997 c.1 |
||
| 100 | _aFang, Irving | ||
| 245 |
_aA History of Mass Communication _bSix Information Revolutions _cIrving Fang |
||
| 260 |
_aBoston _bFocal Press _c1997 |
||
| 300 | _axxxiv, 280p. | ||
| 942 |
_2lcc _cBK |
||